000 00408nam a2200157Ia 4500
008 240729s9999 xx 000 0 und d
022 _a2218-0532
245 0 _aScientia Pharmaceutica
260 _aSwitzerland
260 _bMDPI AG
650 _a Pharmacy and materia medica
650 _aMedicine
856 _uhttps://doaj.org/toc/8b6a05ba76804b66b23f7816cb8275fc
942 _2ddc
942 _cDOAJEJ
999 _c74280
_d74280
945 _a1
_bMadushi Gamage
_c1
_dMadushi Gamage